[Event "CRO-chT1A"]
[Site "Bol"]
[Date "2014.10.09"]
[Round "6.3"]
[White "Petrov, Jole"]
[Black "Vlahov, Davor"]
[Result "1-0"]
[WhiteElo "2415"]
[BlackElo "2244"]
[PlyCount "83"]
[EventDate "2014.10.04"]
[EventType "team-tourn"]
[EventRounds "9"]
[EventCountry "CRO"]
[SourceTitle "CBM 162 Extra"]
[Source "ChessBase"]
[SourceDate "2014.10.17"]
[SourceVersion "1"]
[SourceVersionDate "2014.10.17"]
[SourceQuality "1"]
[WhiteTeam "Rijeka Rijeka"]
[BlackTeam "Pozega"]
[WhiteTeamCountry "CRO"]
[BlackTeamCountry "CRO"]

1. Nf3 Nf6 2. c4 c6 3. g3 d5 4. Bg2 Nbd7 5. d4 dxc4 6. 0-0 e6 7. e3 b5 8. Qe2 Bb7 9. Rd1 Be7 10. Nc3 Nd5 11. e4 Nxc3 12. bxc3 0-0 13. h4 c5 14. a4 a6 15. Rb1 Qa5 16. axb5 axb5 17. d5 exd5 18. exd5 Bf6 19. Qc2 Bxc3 20. Ng5 Nf6 21. Be3 b4 22. Ne4 Nxe4 23. Qxe4 Qb5 24. Bf1 Ba6 25. Rdc1 Rfe8 26. Qg4 Qa5 27. Bxc4 f5 28. Qe2 Bd4 29. d6+ Kf8 30. Qh5 Bxc4 31. Bxd4 cxd4 32. Rxc4 Kg8 33. d7 Red8 34. Rxd4 Rab8 35. Re1 g6 36. Qe2 b3 37. Qe6+ Kg7 38. h5 b2 39. h6+ Kxh6 40. Rh4+ Kg7 41. Qe7+ Kg8 42. Qxh7+ 1-0

[Event "CRO-chT1A"]
[Site "Bol"]
[Date "2014.10.08"]
[Round "5.3"]
[White "Vlahov, Davor"]
[Black "Feletar, Darko"]
[Result "1-0"]
[WhiteElo "2244"]
[BlackElo "2366"]
[PlyCount "95"]
[EventDate "2014.10.04"]
[EventType "team-tourn"]
[EventRounds "9"]
[EventCountry "CRO"]
[SourceTitle "CBM 162 Extra"]
[Source "ChessBase"]
[SourceDate "2014.10.17"]
[SourceVersion "1"]
[SourceVersionDate "2014.10.17"]
[SourceQuality "1"]
[WhiteTeam "Pozega"]
[BlackTeam "Osijek"]
[WhiteTeamCountry "CRO"]
[BlackTeamCountry "CRO"]

1. Nf3 c5 2. c4 Nc6 3. Nc3 g6 4. g3 Bg7 5. Bg2 d6 6. d3 e5 7. Nd5 h6 8. 0-0 Nge7 9. e4 0-0 10. Ne1 Nxd5 11. cxd5 Nd4 12. Nc2 Nxc2 13. Qxc2 f5 14. f4 exf4 15. Bxf4 Bd4+ 16. Kh1 g5 17. Bd2 Qe7 18. Bc3 Be5 19. Bxe5 Qxe5 20. Qc3 Qxc3 21. bxc3 Bd7 22. Rae1 fxe4 23. Bxe4 Rxf1+ 24. Rxf1 Rf8 25. Kg1 Rxf1+ 26. Kxf1 Kg7 27. Kf2 Kf6 28. Ke3 Ke5 29. d4+ cxd4+ 30. cxd4+ Kf6 31. a3 Bf5 32. Bf3 Bb1 33. Bg4 Ba2 34. Be6 Bb1 35. Bg4 Bc2 36. Kd2 Be4 37. Be6 Bf5 38. Bg8 Kg7 39. Be6 Bxe6 40. dxe6 d5 41. Kc3 b6 42. Kb4 a6 43. g4 Kf6 44. a4 Kxe6 45. a5 Kd6 46. axb6 Kc6 47. Ka5 Kb7 48. h3 1-0

[Event "CRO-chT1A"]
[Site "Bol"]
[Date "2014.10.05"]
[Round "2.5"]
[White "Brumen, Dinko"]
[Black "Vlahov, Davor"]
[Result "1-0"]
[WhiteElo "2351"]
[BlackElo "2244"]
[PlyCount "93"]
[EventDate "2014.10.04"]
[EventType "team-tourn"]
[EventRounds "9"]
[EventCountry "CRO"]
[SourceTitle "CBM 162 Extra"]
[Source "ChessBase"]
[SourceDate "2014.10.17"]
[SourceVersion "1"]
[SourceVersionDate "2014.10.17"]
[SourceQuality "1"]
[WhiteTeam "Zagreb Mladost"]
[BlackTeam "Pozega"]
[WhiteTeamCountry "CRO"]
[BlackTeamCountry "CRO"]

1. d4 Nf6 2. Bg5 Ne4 3. Bf4 d5 4. e3 e6 5. f3 Nf6 6. Bd3 c5 7. c3 Nc6 8. Ne2 Qb6 9. b3 Be7 10. 0-0 Nh5 11. Kh1 Nxf4 12. Nxf4 0-0 13. Nd2 Bd7 14. Qe1 cxd4 15. exd4 Qc7 16. Qg3 Bd6 17. Qh4 g6 18. Nh3 Kg7 19. f4 Be7 20. Qg3 Bf6 21. Nf2 Kh8 22. Ng4 Bg7 23. Nf3 f5 24. Nf2 Nd8 25. Rac1 Nf7 26. h4 Bf6 27. Rfe1 Nd6 28. c4 Ne4 29. Bxe4 dxe4 30. Ne5 Be8 31. d5 Qe7 32. Qc3 Rd8 33. Red1 Kg8 34. g3 exd5 35. cxd5 Bb5 36. Nh3 Be2 37. Rd2 Bf3+ 38. Kh2 e3 39. Qxe3 Bxd5 40. Rcd1 Be4 41. Nd7 Rfe8 42. Ng5 Kg7 43. Rd6 Bb2 44. Qd2 Ba3 45. b4 Rc8 46. Nc5 Bc6 47. Re6 1-0

[Event "Zadar op-A 20th"]
[Site "Zadar"]
[Date "2013.12.18"]
[Round "5"]
[White "Jakic, Ivan"]
[Black "Vlahov, Davor"]
[Result "1-0"]
[WhiteElo "2410"]
[BlackElo "2254"]
[PlyCount "103"]
[EventDate "2013.12.15"]
[EventType "swiss"]
[EventRounds "9"]
[EventCountry "CRO"]
[SourceTitle "CBM 158 Extra"]
[Source "ChessBase"]
[SourceDate "2014.02.28"]
[SourceVersion "1"]
[SourceVersionDate "2014.02.28"]
[SourceQuality "1"]

1. e4 e6 2. d4 d5 3. Nc3 Nf6 4. e5 Nfd7 5. f4 c5 6. Nf3 Nc6 7. Be3 cxd4 8. Nxd4 Nxd4 9. Bxd4 a6 10. Qd2 Bc5 11. 0-0-0 Bxd4 12. Qxd4 Qb6 13. Qd2 Nc5 14. f5 Qc7 15. Re1 g6 16. g4 b6 17. Bg2 Bb7 18. Qg5 Qe7 19. Qf6 Rg8 20. Qxe7+ Kxe7 21. f6+ Kd8 22. Ne2 Rc8 23. Kd2 Rc7 24. Nd4 Nd7 25. Re3 Rh8 26. Rhe1 Ke8 27. Rh3 h6 28. Ree3 Kf8 29. Rc3 Rxc3 30. Rxc3 Nxe5 31. Rc7 Nxg4 32. Nf3 Nxf6 33. Ne5 Rh7 34. Rxb7 b5 35. Ra7 g5 36. Rxa6 g4 37. a4 bxa4 38. Rxa4 Ke7 39. Nxg4 Nxg4 40. Rxg4 f5 41. Rg6 Kf7 42. Rg3 Kf6 43. b4 Ke5 44. Rg6 h5 45. h4 Rb7 46. Kc3 Rc7+ 47. Kb3 d4 48. b5 Rc3+ 49. Kb2 Rc4 50. Bf1 Rb4+ 51. Ka3 Rb1 52. Bc4 1-0

[Event "Zadar op-A 19th"]
[Site "Zadar"]
[Date "2012.12.19"]
[Round "6"]
[White "Jakic, Ivan"]
[Black "Vlahov, Davor"]
[Result "1-0"]
[WhiteElo "2415"]
[BlackElo "2228"]
[PlyCount "125"]
[EventDate "2012.12.16"]
[EventType "swiss"]
[EventRounds "9"]
[EventCountry "CRO"]
[SourceTitle "EXT 2014"]
[Source "ChessBase"]
[SourceDate "2013.11.20"]
[SourceVersion "1"]
[SourceVersionDate "2013.11.20"]
[SourceQuality "1"]

1. e4 e6 2. d4 d5 3. Nc3 Nf6 4. Bg5 dxe4 5. Nxe4 Be7 6. Bxf6 Bxf6 7. Nf3 Bd7 8. Bd3 Bc6 9. c3 Bxe4 10. Bxe4 c6 11. Qc2 h6 12. 0-0-0 Qa5 13. Kb1 Nd7 14. Rd3 Be7 15. Nd2 0-0-0 16. c4 Nf6 17. Bf3 Bb4 18. Nb3 Qa4 19. Rhd1 Kb8 20. g3 Be7 21. Rc3 Bb4 22. Re3 Bd6 23. Rc1 Rc8 24. Qe2 Rhd8 25. c5 Be7 26. Rec3 Ka8 27. Qe5 Ne8 28. Rc4 Qb5 29. Qe1 Rd5 30. Bxd5 exd5 31. R4c3 Bf6 32. Re3 Nc7 33. Qe2 Qa4 34. Rd1 Ne6 35. Qd3 a6 36. f4 Nc7 37. Qf5 Rd8 38. Rd2 Ne6 39. Qd3 Ka7 40. Qc3 Qc4 41. Ree2 Rd7 42. h4 Qb5 43. f5 Nc7 44. Qa5 Qc4 45. Qb6+ Kb8 46. Na5 Qb5 47. Qxb5 axb5 48. b4 Rd8 49. Nb3 Kc8 50. Kc2 Na8 51. Kd3 b6 52. Rc2 Kd7 53. Rc1 bxc5 54. Nxc5+ Kc7 55. a4 bxa4 56. Nxa4 Kb7 57. Rec2 Rd6 58. Nc5+ Kb6 59. Nb3 Kb5 60. Rc5+ Kxb4 61. Na5 Nc7 62. Rb1+ Ka4 63. Nxc6 1-0

[Event "Zadar op-A 19th"]
[Site "Zadar"]
[Date "2012.12.16"]
[Round "1"]
[White "Rezan, Sasa"]
[Black "Vlahov, Davor"]
[Result "1-0"]
[WhiteElo "2436"]
[BlackElo "2228"]
[PlyCount "53"]
[EventDate "2012.12.16"]
[EventType "swiss"]
[EventRounds "9"]
[EventCountry "CRO"]
[SourceTitle "EXT 2014"]
[Source "ChessBase"]
[SourceDate "2013.11.20"]
[SourceVersion "1"]
[SourceVersionDate "2013.11.20"]
[SourceQuality "1"]

1. d4 d5 2. c4 c6 3. cxd5 cxd5 4. Nf3 Nf6 5. Nc3 Nc6 6. Bf4 e6 7. e3 Be7 8. Bd3 Nh5 9. Be5 Nxe5 10. dxe5 g6 11. Qa4+ Kf8 12. 0-0 Bd7 13. Bb5 Bxb5 14. Qxb5 Qb6 15. Rac1 Ng7 16. Qxb6 axb6 17. e4 Bb4 18. exd5 Bxc3 19. Rxc3 exd5 20. Nd4 Rxa2 21. Rfc1 Rxb2 22. g3 Rb4 23. Rc8+ Ne8 24. Rd1 Rc4 25. Rb8 Rc7 26. Ra1 Ke7 27. Raa8 1-0

[Event "CRO-chT1B 21st"]
[Site "Sibenik"]
[Date "2012.09.28"]
[Round "6.4"]
[White "Segovic, Goran"]
[Black "Vlahov, Davor"]
[Result "1/2-1/2"]
[WhiteElo "2170"]
[BlackElo "2215"]
[PlyCount "42"]
[EventDate "2012.09.23"]
[EventType "team-tourn"]
[EventRounds "7"]
[EventCountry "CRO"]
[SourceTitle "CBM 150 Extra"]
[Source "ChessBase"]
[SourceDate "2012.10.19"]
[SourceVersion "1"]
[SourceVersionDate "2012.10.19"]
[SourceQuality "1"]
[WhiteTeam "Varazdin"]
[BlackTeam "Pozega"]
[WhiteTeamCountry "CRO"]
[BlackTeamCountry "CRO"]

1. e4 e6 2. d4 d5 3. Nd2 dxe4 4. Nxe4 Nf6 5. Nxf6+ Qxf6 6. Nf3 h6 7. Be3 Bd6 8. Qd2 Nc6 9. 0-0-0 Bd7 10. Kb1 0-0-0 11. c4 Qf5+ 12. Bd3 Qa5 13. Qxa5 Nxa5 14. c5 Be7 15. b4 Nc6 16. b5 Nb4 17. Ne5 Nxd3 18. Rxd3 Bxb5 19. Ra3 Be8 20. Rxa7 Kb8 21. Ra3 Bf6 1/2-1/2

[Event "CRO-chT1B 20th"]
[Site "Sibenik"]
[Date "2011.10.10"]
[Round "7.3"]
[White "Plenca, Jadranko"]
[Black "Vlahov, Davor"]
[Result "1-0"]
[WhiteElo "1931"]
[BlackElo "2239"]
[PlyCount "71"]
[EventDate "2011.10.04"]
[EventType "team-tourn"]
[EventRounds "9"]
[EventCountry "CRO"]
[SourceTitle "CBM 144 Extra"]
[Source "ChessBase"]
[SourceDate "2011.10.28"]
[SourceVersion "1"]
[SourceVersionDate "2011.10.28"]
[SourceQuality "1"]
[WhiteTeam "Rijeka II"]
[BlackTeam "Pozega"]
[WhiteTeamCountry "CRO"]
[BlackTeamCountry "CRO"]

1. e4 e6 2. d4 d5 3. Nc3 Nf6 4. Bd3 b6 5. Nf3 dxe4 6. Nxe4 Bb7 7. Nxf6+ gxf6 8. Bf4 Bd6 9. Qd2 Nd7 10. Bxd6 cxd6 11. 0-0-0 Qc7 12. Rde1 0-0-0 13. Be4 Bxe4 14. Rxe4 Qb7 15. Re3 Qd5 16. c4 Qb7 17. Kb1 Rhg8 18. g3 f5 19. Rc1 Kb8 20. d5 Nc5 21. Nd4 exd5 22. Nxf5 dxc4 23. Rxc4 d5 24. Rxc5 bxc5 25. Rb3 Qxb3 26. axb3 Rg6 27. Qa5 Rb6 28. Qxc5 Rd7 29. Nd4 Kb7 30. h4 h6 31. g4 a6 32. f4 Rf6 33. g5 Rb6 34. h5 Rbd6 35. b4 Rb6 36. Qf8 1-0

[Event "CRO-chT1A 19th"]
[Site "Sibenik"]
[Date "2010.09.08"]
[Round "5"]
[White "Leventic, Ivan"]
[Black "Vlahov, Davor"]
[Result "1-0"]
[WhiteElo "2498"]
[BlackElo "2235"]
[PlyCount "59"]
[EventDate "2010.09.04"]
[EventType "team-tourn"]
[EventRounds "9"]
[EventCountry "CRO"]
[SourceTitle "CBM 138 Extra"]
[Source "ChessBase"]
[SourceDate "2010.10.29"]
[SourceVersion "1"]
[SourceVersionDate "2010.10.29"]
[SourceQuality "1"]

1. e4 e6 2. d4 d5 3. Nd2 Nf6 4. e5 Nfd7 5. c3 c5 6. Bd3 Nc6 7. Ne2 Qb6 8. Nf3 cxd4 9. cxd4 Bb4+ 10. Kf1 Be7 11. g3 f6 12. exf6 Nxf6 13. Nf4 0-0 14. Kg2 Kh8 15. Re1 Bb4 16. Re2 Nxd4 17. Be3 Bc5 18. Bxd4 Bxd4 19. Bxh7 Kxh7 20. Qxd4 Ne4 21. Qd3 Kg8 22. Nxd5 exd5 23. Qxd5+ Qe6 24. Qxe4 Qh3+ 25. Kg1 Bg4 26. Re3 Rf6 27. Ng5 Qh5 28. h4 Rd8 29. Rae1 Bd7 30. Qd5+ 1-0

[Event "CRO-chT1B 18th"]
[Site "Sibenik"]
[Date "2009.09.27"]
[Round "7"]
[White "Paljusaj, Edmond"]
[Black "Vlahov, Davor"]
[Result "1/2-1/2"]
[WhiteElo "2288"]
[BlackElo "2236"]
[PlyCount "100"]
[EventDate "2009.09.21"]
[EventType "team-tourn"]
[EventRounds "9"]
[EventCountry "CRO"]
[SourceTitle "EXT 2010"]
[Source "ChessBase"]
[SourceDate "2010.11.25"]
[SourceVersion "1"]
[SourceVersionDate "2010.11.25"]
[SourceQuality "1"]

1. e4 e6 2. d4 d5 3. Nd2 Nf6 4. e5 Nfd7 5. Bd3 c5 6. c3 Nc6 7. Ne2 Qb6 8. Nf3 cxd4 9. cxd4 f6 10. exf6 Nxf6 11. 0-0 Bd6 12. b3 0-0 13. Bf4 Bxf4 14. Nxf4 Bd7 15. Re1 Rae8 16. Qd2 Kh8 17. Bc2 Nxd4 18. Qxd4 Qxd4 19. Nxd4 e5 20. Nfe6 Bxe6 21. Rxe5 Bd7 22. Rae1 Ng4 23. Re7 Rxe7 24. Rxe7 Re8 25. Rxe8+ Bxe8 26. Bf5 Ne5 27. Kf1 Nc6 28. Nxc6 bxc6 29. b4 g6 30. Bg4 Kg7 31. Ke2 h5 32. Bc8 Kf6 33. f4 Ke7 34. Kd3 Kd6 35. Kd4 a5 36. bxa5 c5+ 37. Kc3 d4+ 38. Kc4 Bf7+ 39. Kd3 Bd5 40. g4 hxg4 41. a4 Bf3 42. a6 Kc7 43. Be6 Bg2 44. Bf7 Bf1+ 45. Ke4 Bxa6 46. a5 Kd6 47. Bxg6 Bb7+ 48. Kd3 Ke6 49. Kc4 Kd6 50. Kd3 Ke6 1/2-1/2

[Event "CRO-chT1B 17th"]
[Site "Sibenik"]
[Date "2008.10.02"]
[Round "6"]
[White "Vlahov, Davor"]
[Black "Brnas, Augustin"]
[Result "0-1"]
[WhiteElo "2225"]
[BlackElo "2308"]
[PlyCount "80"]
[EventDate "2008.09.27"]
[EventType "team"]
[EventRounds "9"]
[EventCountry "CRO"]
[SourceTitle "CBM 126 Extra"]
[Source "ChessBase"]
[SourceDate "2008.11.05"]
[SourceVersion "1"]
[SourceVersionDate "2008.11.05"]
[SourceQuality "1"]

1. Nf3 Nf6 2. d4 g6 3. Bf4 Bg7 4. e3 0-0 5. h3 d6 6. Bh2 c5 7. c3 cxd4 8. exd4 Qb6 9. Qb3 Qc7 10. Bd3 Nc6 11. 0-0 Be6 12. Qc2 Rac8 13. Qe2 Qa5 14. Nbd2 Rfe8 15. Rfe1 Bf5 16. Bxf5 Qxf5 17. Nc4 Qb5 18. Ne3 Qxe2 19. Rxe2 b5 20. d5 Na5 21. a4 Nb3 22. Ra3 Nc1 23. Rc2 b4 24. Ra1 Nd3 25. Rd1 b3 26. Re2 Nc5 27. Nd4 a6 28. a5 Bh6 29. c4 Bg7 30. f3 Nfd7 31. Nc6 Na4 32. Rdd2 Ndc5 33. Kf1 e5 34. Nd1 Bh6 35. Ne3 f5 36. Kf2 Rc7 37. Nb4 Rb8 38. Nc6 Rbc8 39. g4 fxg4 40. hxg4 Rf8 0-1

[Event "CRO-chT2 West"]
[Site "Rijeka"]
[Date "2005.03.20"]
[Round "2"]
[White "Vlahov, Davor"]
[Black "Ikica, Ante"]
[Result "1/2-1/2"]
[WhiteElo "2214"]
[BlackElo "2081"]
[PlyCount "46"]
[EventDate "2005.03.19"]
[EventType "team"]
[EventRounds "11"]
[EventCountry "CRO"]
[SourceTitle "EXT 2007"]
[Source "ChessBase"]
[SourceDate "2006.11.23"]
[SourceVersion "1"]
[SourceVersionDate "2006.11.23"]
[SourceQuality "1"]

1. e4 e5 2. Nf3 Nf6 3. Nc3 Nc6 4. Bc4 Be7 5. 0-0 0-0 6. d4 d6 7. h3 a6 8. a3 Bd7 9. Be3 exd4 10. Nxd4 Nxd4 11. Bxd4 Be6 12. Bxe6 fxe6 13. e5 Ne8 14. Qg4 Qc8 15. exd6 cxd6 16. f4 Bf6 17. Rad1 e5 18. Qxc8 Rxc8 19. fxe5 dxe5 20. Be3 Rf7 21. Rf2 Nc7 22. Ne4 Ne8 23. c3 h6 1/2-1/2

[Event "CRO Cup"]
[Site "Rabac"]
[Date "2004.05.23"]
[Round "4.5"]
[White "Kukina, Mario"]
[Black "Vlahov, Davor"]
[Result "1-0"]
[WhiteElo "2006"]
[BlackElo "2209"]
[PlyCount "153"]
[EventDate "2004.05.20"]
[EventType "swiss"]
[EventRounds "9"]
[EventCountry "CRO"]
[SourceTitle "CBM 100 Extra"]
[Source "ChessBase"]
[SourceDate "2004.07.06"]
[SourceVersion "2"]
[SourceVersionDate "2004.07.06"]
[SourceQuality "1"]

1. d4 d5 2. c4 c6 3. cxd5 cxd5 4. Nf3 Nf6 5. Nc3 Nc6 6. Bg5 e6 7. e3 h6 8. Bh4 Be7 9. a3 a5 10. Bd3 Bd7 11. 0-0 Rc8 12. Nb5 Qb6 13. Qe2 0-0 14. Rac1 Ne4 15. Bxe7 Nxe7 16. Ne5 Bxb5 17. Bxb5 Rfd8 18. f3 Nd6 19. Ba4 Rc7 20. Rxc7 Qxc7 21. Nd3 b5 22. Rc1 Qb6 23. Bb3 Nef5 24. g4 Ne7 25. h4 Ng6 26. h5 Ne7 27. Nf4 Nc4 28. a4 Rc8 29. axb5 Qxb5 30. Bxc4 Rxc4 31. Rxc4 dxc4 32. e4 Nc6 33. d5 Nd4 34. Qf2 e5 35. Ng2 a4 36. Ne3 Qb3 37. d6 Kf8 38. Nf5 Ke8 39. Nxd4 Qd1+ 40. Kh2 Qxd4 41. Qc2 Kd7 42. Qxa4+ Kxd6 43. Qb4+ Ke6 44. Kg2 Qd3 45. Qb6+ Ke7 46. Qc5+ Kf6 47. g5+ hxg5 48. Qc6+ Ke7 49. Qc7+ Ke6 50. Qc8+ Kd6 51. Qd8+ Kc6 52. Qe8+ Kd6 53. Qd8+ Kc6 54. Qe8+ Kd6 55. Qb8+ Ke6 56. Kg3 Qe2 57. Qe8+ Kf6 58. Qd8+ Ke6 59. Qd5+ Ke7 60. Qxe5+ Kf8 61. Qxg5 Qe1+ 62. Kh2 Qf2+ 63. Qg2 Qh4+ 64. Kg1 Qe1+ 65. Qf1 Qe3+ 66. Qf2 Qc1+ 67. Kh2 Kg8 68. f4 Kh7 69. f5 Qg5 70. Qe2 Kh6 71. Qxc4 Qxh5+ 72. Kg2 Qg4+ 73. Kf1 Qh3+ 74. Ke1 Qe3+ 75. Qe2 Qc1+ 76. Kf2 Qf4+ 77. Kg2 1-0